000 00801nam a2200229 a 4500
001 13328
003 BD-JhCC
005 20230830100512.0
008 190529b2013 bd a|||| a||| 000 0 ben d
020 _a9847033600736
035 _a(BD-JhCC)13328
040 _aBD-JhCC
_dBD-JhCC
041 _aben
082 _a925
_bSAM 2013
100 _aশামস, শামসুজ্জামান
245 _aবিজ্ঞান রাজ্যের মহানায়কেরা /
_cশামসুজ্জামান শামস
260 _aঢাকা :
_bকথামেলা প্রকাশন,
_c২০১৩
300 _a১১০ পৃ. :
_bচিত্রাবলী;
_c২১ সেমি.
650 _aScientist
_vBiography
942 _2ddc
_cBK
_04
999 _c13328
_d13328